000 00593nam a2200181 i 4500
001 92915
003 ES-MaACL
005 20230906181102.0
007 t|
008 050331s1965 sp ||||1| spa d
100 1 _aLjungstedt, Ester.
_972634
245 1 3 _aUn prosista chileno
_b: José Santos González Vera /
_cEster Ljugstedt, Instituto Ibero Americano Gotemburgo, Suecia.
260 _aMadrid :
_bInsula,
_c1965.
300 _a111 p. ;
_c22 cm.
710 0 0 _aInstituto Ibero-Americano (Göteborg)
_95089
852 _aES-MaACL
_jC-26784
_bR.55774
852 _aES-MaACL
_jC-27135
_bR.56103
999 _c92915
_d92915